Normal view
MARC view
Entry Corporate Name
001 - CONTROL NUMBER
- control field: 59613
003 - CONTROL NUMBER IDENTIFIER
- control field: dpl
005 - DATE AND TIME OF LATEST TRANSACTION
- control field: 20231206155805.0
008 - FIXED-LENGTH DATA ELEMENTS
- fixed length control field: 231206|| aca||aabn | a|a d
040 ## - CATALOGING SOURCE
- Original cataloging agency: dpl
- Transcribing agency: dpl
110 ## - HEADING--CORPORATE NAME
- Corporate name or jurisdiction name as entry element: Chatterjee, Suchandana
670 ## - SOURCE DATA FOUND
- Source citation: Work cat.: (dpl)176942: Communities, Institutions and 'Transition' in Post. 1991 Eurasia/, 2011
